Statistiken für Beste Bundesliga Torschützen FC Bayern München

Klicken Sie hier um das Quiz zu spielen!

Allgemein

  • Dieses Quiz wurde 2.117 mal gespielt
    (948 seit der letzten Aktualisierung)
  • Das Durchschnittsergebnis liegt bei 43 aus 62

Antwortstatistiken

SaisonNationalitätToreSpieler% Korrekt
1965/66Deutschland14Gerd Müller
99%
1972/73Deutschland36 Gerd Müller
99%
1977/78Deutschland24Gerd Müller
99%
1966/67Deutschland28Gerd Müller
99%
1975/76Deutschland23 Gerd Müller
99%
1974/75Deutschland23 Gerd Müller
99%
1973/74Deutschland30 Gerd Müller
99%
1976/77Deutschland28Gerd Müller
99%
1971/72Deutschland40 Gerd Müller
99%
1970/71Deutschland22Gerd Müller
99%
1969/70Deutschland38 Gerd Müller
99%
1968/69Deutschland30 Gerd Müller
99%
1967/68Deutschland19Gerd Müller
99%
2014/15Polen17Robert Lewandowski
99%
2015/16Polen30 Robert Lewandowski
99%
2016/17Polen30 Robert Lewandowski
99%
2018/19Polen22 Robert Lewandowski
99%
2017/18Polen29 Robert Lewandowski
99%
2019/20Polen34 Robert Lewandowski
99%
2020/21Polen41Robert Lewandowski
99%
2021/22Polen35Robert Lewandowski
99%
2014/15Niederlande17Arjen Robben
91%
2009/10Niederlande16Arjen Robben
91%
2013/14Kroatien18Mario Mandžukić
81%
2012/13Kroatien15 Mario Mandžukić
81%
2022/23Deutschland14Serge Gnabry
81%
2010/11Deutschland28Mario Gómez
80%
2011/12Deutschland26Mario Gómez
80%
2008/09Italien14Luca Toni
76%
2007/08Italien24Luca Toni
76%
2002/03Brasilien21Giovane Élber
70%
1998/99Brasilien13Giovane Élber
70%
1999/2000Brasilien14 Giovane Élber
70%
2000/01Brasilien15Giovane Élber
70%
2001/02Brasilien17 Giovane Élber
70%
1978/79Deutschland14Karl-Heinz Rummenigge
63%
1979/80Deutschland26 Karl-Heinz Rummenigge
63%
1980/81Deutschland29 Karl-Heinz Rummenigge
63%
1982/83Deutschland20 Karl-Heinz Rummenigge
63%
1983/84Deutschland26Karl-Heinz Rummenigge
63%
2005/06Niederlande17 Roy Makaay
60%
2006/07Niederlande16Roy Makaay
60%
2004/05Niederlande22 Roy Makaay
60%
2003/04Niederlande23 Roy Makaay
60%
1981/82Deutschland21Dieter Hoeneß
55%
1985/86Deutschland15Dieter Hoeneß
55%
1987/88Deutschland17Lothar Matthäus
51%
1986/87Deutschland14Lothar Matthäus
51%
1984/85Deutschland16Lothar Matthäus
51%
1996/97Deutschland15Jürgen Klinsmann
41%
1995/96Deutschland16 Jürgen Klinsmann
41%
1998/99Deutschland13Carsten Jancker
32%
1997/98Deutschland13 Carsten Jancker
32%
1993/94Deutschland11Mehmet Scholl
31%
1990/91Deutschland21 Roland Wohlfarth
15%
1988/89Deutschland17Roland Wohlfarth
15%
1991/92Deutschland17Roland Wohlfarth
15%
1989/90Deutschland13 Roland Wohlfarth
15%
1993/94Kolumbien11Adolfo Valencia
11%
1994/95Deutschland12Christian Ziege
10%
1992/93Deutschland11Bruno Labbadia
8%
1967/68Deutschland19 Rainer Ohlhauser
6%

Verteilung der Resultate

Perzentil nach korrekt beantworteten Fragen

Anzahl Personen mit jedem Resultat

Ihre Resultats-Entwicklung

Sie haben dieses Quiz seit der letzten Aktualisierung nicht gespielt